00512nam a2200157 a 450000500170000000800410001702000150005805000220007310000190009524500890011426000580020330000220026152100090028365000420029265000200033420140310183200.0021204s19uu xx 00 eng d a1576750116 aHM 141b.N33 1997 aNair, Keshavan aA Higher standard of leadership :blessons from the life of Gandhi /cKeshavan Nair. aSan Francisco, CA :bBerrett-Koeler Publisher,c1997. a157 p. :c23 cm.  aBSBA aLeadershipxmoral and ethical aspects aGandhi, Mahatma